Target (Record no. 105950)

MARC details
000 -LEADER
fixed length control field 01150cam a2200253 4500
001 - CONTROL NUMBER
control field ##L135209
008 - FIXED-LENGTH DATA ELEMENTS--GENERAL INFORMATION
fixed length control field 061004n2006 000 0 eng u
020 ## - INTERNATIONAL STANDARD BOOK NUMBER
International Standard Book Number 184318348X
022 ## - INTERNATIONAL STANDARD SERIAL NUMBER
International Standard Serial Number 1477-1144
035 ## - SYSTEM CONTROL NUMBER
System control number (Sirsi) u135209
041 0# - LANGUAGE CODE
Language code of text/sound track or separate title eng
050 04 - LIBRARY OF CONGRESS CALL NUMBER
Classification number 650.14 $2 18
245 00 - TITLE STATEMENT
Title Target
Remainder of title quantity surveying and building surveying 2007
250 ## - EDITION STATEMENT
Edition statement 19th ed.
260 ## - PUBLICATION, DISTRIBUTION, ETC.
Place of publication, distribution, etc. Wallingford
Name of publisher, distributor, etc. GTI Specialist Publishers
Date of publication, distribution, etc. 2006
300 ## - PHYSICAL DESCRIPTION
Extent 96p.
Other physical details ill.
Dimensions 27cm.
520 ## - SUMMARY, ETC.
Summary, etc. Provides advice for graduates seeking jobs in quantity surveying and building surveying. Includes information on different sectors of the industry, as well as guidance on career development and a job hunting guide. Also sets out profiles of employers and course providers. Further information and a searchable database of employers can be found at www.targetcareers.co.uk/surveying.
590 ## - LOCAL NOTE (RLIN)
Local note IKA171006
651 #4 - SUBJECT ADDED ENTRY--GEOGRAPHIC NAME
Geographic name United Kingdom
Chronological subdivision
690 ## - LOCAL SUBJECT ADDED ENTRY--TOPICAL TERM (OCLC, RLIN)
Topical term or geographic name as entry element CAREERS, EDUCATION AND TRAINING-CAREERS IN SURVEYING
700 1# - ADDED ENTRY--PERSONAL NAME
Personal name Petrou, Sophie
Relator term Editor
856 40 - ELECTRONIC LOCATION AND ACCESS
Uniform Resource Identifier <a href="https://www.targetcareers.co.uk/surveying">https://www.targetcareers.co.uk/surveying</a>
Public note View the targetcareers.co.uk surveying website...
942 ## - ADDED ENTRY ELEMENTS (KOHA)
Suppress in OPAC 0
Holdings
Withdrawn status Lost status Source of classification or shelving scheme Damaged status Not for loan Home library Current library Shelving location Date acquired Total Checkouts Full call number Barcode Date last seen Date last checked out Copy number Price effective from Koha item type
    Dewey Decimal Classification     London London Basement 10/11/2006 3 BASEMENT 30073367 06/08/2019 02/07/2008 1 06/08/2019 Book